000 01520nam2a22002651 4500
001 RU\NLR\Per\987982
005 20250614014243.0
035 _a(NLR Aleph) 010236109
090 _a10376263
_c10376263
100 _a20131113d2013 |||y0rusy50 ca
101 0 _arus
102 _aRU
105 _ay |||||||||
200 1 _aМатериалы 10-го Международного конгресса "Регуляция объема клетки: новые терапевтические мишени и фармакологические подходы"
210 _d2013
_aБ. м.
300 _aТемат. вып.
461 0 _1001RU\NLR\INFOCOMM19\1000020255
_12001#$aБюллетень сибирской медицины$dBulletin of siberian medicine$eНауч.-практ. журн.$fСиб. гос. мед. ун-т$zeng$vТ. 12, № 4
_92465859
_cТомск
_d2002 -
_fСиб. гос. мед. ун-т
_lBulletin of siberian medicine
_nПеч. мануфактура
_oНауч.-практ. журн.
_tБюллетень сибирской медицины
_x1682-0363
_vТ. 12, № 4
710 1 2 _a"Регуляция объема клетки: новые терапевтические мишени и фармакологические подходы", международный конгресс
_d10
_eМосква
_f2013
_9386457
_3RU\NLR\AUTH\880359599
801 1 _aRU
_bInfoComm
_c20040116
801 0 _aRU
_bNLR
_gPSBO
852 _aNLR
_jП17/887
942 _cISSUE
980 _aNB
980 _aRUSPER